| 000 | 00978nam a2200277Ia 4500 | ||
|---|---|---|---|
| 003 | OSt | ||
| 005 | 20220923220255.0 | ||
| 006 | a|||||r|||| 00| 0 | ||
| 007 | ta | ||
| 008 | 220922b |||||||| |||| 00| 0 hin d | ||
| 024 | _a185,606 | ||
| 037 | _cTextual | ||
| 040 |
_aARTS _cARTS _bhin |
||
| 041 |
_2hin _ahin |
||
| 082 | _aY:(R), 152K8 | ||
| 100 | _aमहादेव प्रसाद | ||
| 245 | 0 | _aसमाज दर्शन | |
| 246 | _aSamāj darshana | ||
| 260 |
_aकाशी _b नागरी प्रचारिणी सभा _c1968 |
||
| 300 |
_a236 पृ. _ccm. |
||
| 490 | _aभारत शिक्षा मंत्रालय वैज्ञानिक तथा शब्दावली अयोग | ||
| 650 | _a समाज-दर्शन | ||
| 650 | _aभारतीय-लोक साहित्य | ||
| 942 |
_hY:(R), 152K8 _cTEXL _2CC |
||
| 999 |
_c338852 _d338852 |
||